000 00445 a2200145 4500
003 OSt
005 20260206141328.0
008 260206b |||||||| |||| 00| 0 eng d
020 _a9789395664622
100 _aनाईक प्र.
_9216657
245 _aभारतीय रत्ने
260 _bभारतीय विचार साधना प्रकाशन
_c2024
_aपुणे
300 _a146pp.
942 _cBK
_2ddc
999 _c370197
_d370197